A Thousand Splendid Suns (Record no. 12741)

MARC details
000 -LEADER
fixed length control field 00259nam a22000977a 4500
008 - FIXED-LENGTH DATA ELEMENTS--GENERAL INFORMATION
fixed length control field 250403b |||||||| |||| 00| 0 eng d
020 ## - INTERNATIONAL STANDARD BOOK NUMBER
International Standard Book Number 9780747582977
100 ## - MAIN ENTRY--PERSONAL NAME
Personal name Hosseini Khaled
9 (RLIN) 7830
245 ## - TITLE STATEMENT
Title A Thousand Splendid Suns
260 ## - PUBLICATION, DISTRIBUTION, ETC. (IMPRINT)
Place of publication, distribution, etc. London
Name of publisher, distributor, etc. Bloomsbury
Date of publication, distribution, etc. 2007
Holdings
Withdrawn status Lost status Source of classification or shelving scheme Damaged status Koha normalized classification for sorting Not for loan Home library Current library Shelving location Date acquired Total Checkouts Total Renewals Full call number Barcode Checked out Date last seen Date last checked out Price effective from Koha item type
    Dewey Decimal Classification   HOS_823_000000000000000   Good Samaritan School Library Good Samaritan School Library FICTION 04/03/2025 7 3 HOS823 HOS17877 04/23/2026 04/09/2026 04/09/2026 04/03/2025 BOOK

Powered by Koha